Eroze /

Hlavní autor: Štěpánek, Radek, 1986-
Jazyk: Čeština
Vydáno: Jihlava ; Adolescent, 2018
Témata:
Fyzický popis: 28 stran ; 19 cm
Knihy
Uloženo v:
LEADER 01099nam a2200349 i 4500
001 nkc20183057373
003 CZ PrNK
005 20190305114726.0
007 ta
008 181120s2018 xr g 000 p cze
015 |a cnb003057373 
020 |a 978-80-906677-4-7  |q (brožováno) 
035 |a (OCoLC)1096294369 
040 |a BOA001  |b cze  |d ABA001  |e rda 
072 7 |a 821.162.3-1  |x Česká poezie  |2 Konspekt  |9 25 
080 |a 821.162.3-1  |2 MRF 
080 |a (0:82-1)  |2 MRF 
100 1 |a Štěpánek, Radek,  |d 1986-  |7 js20070302006  |4 aut 
245 1 0 |a Eroze /  |c Radek Štěpánek 
264 1 |a Jihlava ;  |a Prachatice ;  |a Brno :  |b Adolescent,  |c 2018 
300 |a 28 stran ;  |c 19 cm 
336 |a text  |b txt  |2 rdacontent 
337 |a bez média  |b n  |2 rdamedia 
338 |a svazek  |b nc  |2 rdacarrier 
500 |a 50 výtisků 
655 7 |a česká poezie  |7 fd133958  |2 czenas 
655 9 |a Czech poetry  |2 eczenas 
910 2 |a BOA001  |b 1-1423.327 
990 |a BK 
995 |a 01 
991 |b 201902  |c NOV 
996 6 |b 2610772062  |c 1-1423.327  |l MZK  |r Sklad / do 1 hodiny  |n 5  |p p.v.  |w 001709284  |u 000010  |a 1  |e BOA001  |j MZK50  |s P